000 00192 a2200097 4500
001 2673
100 _aRibbons, I
245 _aNansen
260 _a
_bMacmillan and co
_c
090 _c1969
_d1969
942 _aNUST-CAE
_cM
_c10768
999 _c237746
_d237746